<?xml version="1.0" encoding="UTF-8"?>
<record
    xmlns:xsi="http://www.w3.org/2001/XMLSchema-instance"
    xsi:schemaLocation="http://www.loc.gov/MARC21/slim http://www.loc.gov/standards/marcxml/schema/MARC21slim.xsd"
    xmlns="http://www.loc.gov/MARC21/slim">

  <leader>01699    a2200265   4500</leader>
  <controlfield tag="001">54071</controlfield>
  <controlfield tag="005">20260407155811.0</controlfield>
  <controlfield tag="008">260407a1973    arg                 spa d</controlfield>
  <controlfield tag="003">AR-UNSa-BCEJYS</controlfield>
  <datafield tag="040" ind1=" " ind2=" ">
    <subfield code="a">AR-UNSa-BCEJYS</subfield>
    <subfield code="b">spa</subfield>
    <subfield code="c">AR-UNSa-BCEJYS</subfield>
  </datafield>
  <datafield tag="080" ind1=" " ind2=" ">
    <subfield code="a">330.4</subfield>
    <subfield code="x">Econom&#xED;a matem&#xE1;tica</subfield>
  </datafield>
  <datafield tag="245" ind1="1" ind2="0">
    <subfield code="a">El uso de las matem&#xE1;ticas en la econom&#xED;a</subfield>
  </datafield>
  <datafield tag="020" ind1=" " ind2=" ">
    <subfield code="a">84-335-3331-2</subfield>
  </datafield>
  <datafield tag="264" ind1=" " ind2="1">
    <subfield code="a">Barcelona :</subfield>
    <subfield code="b">Labor</subfield>
    <subfield code="c">1973</subfield>
  </datafield>
  <datafield tag="300" ind1=" " ind2=" ">
    <subfield code="a">438 p.</subfield>
    <subfield code="c">21 cm.</subfield>
  </datafield>
  <datafield tag="505" ind1=" " ind2=" ">
    <subfield code="a">I. Uso de m&#xE9;todos matem&#xE1;ticos en la econom&#xED;a - II. Comparaci&#xF3;n de costes y beneficios en una econom&#xED;a socialista - 1. Planteamiento del problema - 2. Medida de la efectividad relativa de los gastos de trabajo sin tener en cuenta los beneficios sociales totales - 3. M&#xE9;todos existentes para comparar el coste primario y la inversi&#xF3;n - 4. M&#xE9;todos para hallar el efecto m&#xE1;ximo de la inversi&#xF3;n de capital en la econom&#xED;a socialista - 5. Principio del c&#xE1;lculo de gastos - 6. El problema del m&#xE1;ximo crecimiento de la productividad laboral - 7. Problema de la medida de los resultados del trabajo en una econom&#xED;a socialista - III. Algunas observaciones sobre el an&#xE1;lisis factor-producto - IV. M&#xE9;todos matem&#xE1;ticos de planificaci&#xF3;n y organizaci&#xF3;n de la producci&#xF3;n - V. M&#xE9;todos para establecer las m&#xE1;s cortas distancias del movimiento de cargas en la implantaci&#xF3;n de sistemas de transporte - VI. Breve anotaci&#xF3;n bibliogr&#xE1;fica sobre problemas de programaci&#xF3;n lineal y otros</subfield>
  </datafield>
  <datafield tag="041" ind1=" " ind2=" ">
    <subfield code="a">spa</subfield>
  </datafield>
  <datafield tag="942" ind1=" " ind2=" ">
    <subfield code="c">BK</subfield>
  </datafield>
  <datafield tag="590" ind1=" " ind2=" ">
    <subfield code="a">niveau_biblio:m niveau_hierar:0</subfield>
  </datafield>
  <datafield tag="100" ind1="1" ind2=" ">
    <subfield code="a">Nemchinov, Vasily Sergeevich</subfield>
  </datafield>
  <datafield tag="700" ind1="1" ind2=" ">
    <subfield code="a">Novozhilov, V.V.</subfield>
  </datafield>
  <datafield tag="700" ind1="1" ind2=" ">
    <subfield code="a">Lange, Oskar</subfield>
  </datafield>
  <datafield tag="700" ind1="1" ind2=" ">
    <subfield code="a">Kantarovich, L.V.</subfield>
  </datafield>
  <datafield tag="700" ind1="1" ind2=" ">
    <subfield code="a">Lur&#xB4;e, A.L.</subfield>
  </datafield>
  <datafield tag="999" ind1=" " ind2=" ">
    <subfield code="c">5339</subfield>
    <subfield code="d">5339</subfield>
  </datafield>
  <datafield tag="952" ind1=" " ind2=" ">
    <subfield code="0">0</subfield>
    <subfield code="1">0</subfield>
    <subfield code="4">0</subfield>
    <subfield code="7">0</subfield>
    <subfield code="a">BCEJYS</subfield>
    <subfield code="b">BCEJYS</subfield>
    <subfield code="c">16</subfield>
    <subfield code="d">2026-04-07</subfield>
    <subfield code="l">0</subfield>
    <subfield code="o">330.4 N433</subfield>
    <subfield code="p">L13459</subfield>
    <subfield code="r">2026-04-07 15:58:11</subfield>
    <subfield code="w">2026-04-07</subfield>
    <subfield code="y">L</subfield>
  </datafield>
</record>
